[Event "Pinamar CADA op 1st"]
[Site "Pinamar"]
[Date "2017.03.18"]
[Round "4"]
[White "Soraire, David"]
[Black "Videla, Gaston"]
[Result "1/2-1/2"]
[WhiteElo "1773"]
[BlackElo "1796"]
[PlyCount "20"]
[EventDate "2017.03.17"]
[EventType "swiss"]
[EventRounds "6"]
[EventCountry "ARG"]
[SourceTitle "EXT 2024"]
[Source "ChessBase"]
[SourceDate "2023.10.10"]
[SourceVersion "1"]
[SourceVersionDate "2023.10.10"]
[SourceQuality "1"]

1. e4 d5 2. exd5 Qxd5 3. Nc3 Qd6 4. Nf3 c6 5. Be2 Bg4 6. d3 Nf6 7. 0-0 e6 8. b3 Be7 9. Bb2 0-0 10. Qd2 Nbd7 1/2-1/2

[Event "Pinamar op"]
[Site "Pinamar"]
[Date "2015.04.26"]
[Round "5"]
[White "Soraire, David"]
[Black "Marquez, Andres"]
[Result "1-0"]
[WhiteElo "1693"]
[BlackElo "1691"]
[PlyCount "87"]
[EventDate "2015.04.24"]
[EventType "swiss"]
[EventRounds "6"]
[EventCountry "ARG"]
[SourceTitle "CBM 166 Extra"]
[Source "ChessBase"]
[SourceDate "2015.06.18"]
[SourceVersion "1"]
[SourceVersionDate "2015.06.18"]
[SourceQuality "1"]

1. e4 c5 2. Nc3 d6 3. f4 Nf6 4. Nf3 g6 5. Bc4 Nc6 6. 0-0 Bg7 7. d3 0-0 8. Qe1 Nd4 9. Bb3 Nxb3 10. axb3 a6 11. Ng5 h6 12. Nf3 Nh7 13. Qg3 e6 14. Nh4 Bd7 15. f5 exf5 16. exf5 g5 17. Nf3 Bc6 18. h4 f6 19. Be3 Qd7 20. d4 Rae8 21. Rae1 Bxf3 22. Qxf3 Kh8 23. dxc5 dxc5 24. Bxc5 Rf7 25. Rxe8+ Qxe8 26. h5 Rd7 27. Ne4 Rc7 28. c3 Nf8 29. Bd4 Nd7 30. Nd6 Qe7 31. Nxb7 Ne5 32. Bxe5 Qxe5 33. Nd8 Bf8 34. Ne6 Bd6 35. Nxc7 Bxc7 36. Rd1 Qe7 37. Qa8+ Kg7 38. Qc6 Kf7 39. Qxa6 Qc5+ 40. Kh1 Qxf5 41. Qa8 Ke7 42. Qc6 Be5 43. Qb7+ Ke8 44. Qd5 1-0

[Event "Pinamar op"]
[Site "Pinamar"]
[Date "2015.04.24"]
[Round "2"]
[White "Soraire, David"]
[Black "Gonzalez Resquin, Diego"]
[Result "1-0"]
[WhiteElo "1693"]
[BlackElo "1747"]
[PlyCount "57"]
[EventDate "2015.04.24"]
[EventType "swiss"]
[EventRounds "6"]
[EventCountry "ARG"]
[SourceTitle "CBM 166 Extra"]
[Source "ChessBase"]
[SourceDate "2015.06.18"]
[SourceVersion "1"]
[SourceVersionDate "2015.06.18"]
[SourceQuality "1"]

1. e4 g6 2. f4 d6 3. Nf3 Bg7 4. d4 Nf6 5. Bd3 0-0 6. 0-0 e5 7. fxe5 dxe5 8. d5 Nbd7 9. Bg5 Qe7 10. c4 Qb4 11. Qc2 Ng4 12. h3 Qc5+ 13. Kh1 Ne3 14. Bxe3 Qxe3 15. Nc3 Nc5 16. Rad1 Nd7 17. Nb5 Qb6 18. b4 c6 19. c5 Qd8 20. dxc6 bxc6 21. Nd6 Qe7 22. Bc4 h6 23. Qb3 Nf6 24. Nxf7 Kh7 25. N3xe5 Nxe4 26. Rf4 Ng5 27. Nxg5+ Qxg5 28. Rxf8 Bxf8 29. Bg8+ 1-0

[Event "Villa Gesell Playas U2200 op"]
[Site "Villa Gesell"]
[Date "2014.08.16"]
[Round "1.4"]
[White "Soraire, David"]
[Black "Gomez Camacho, Micaela"]
[Result "0-1"]
[WhiteElo "1670"]
[BlackElo "2013"]
[PlyCount "60"]
[EventDate "2014.08.16"]
[EventType "swiss"]
[EventRounds "7"]
[EventCountry "ARG"]
[SourceTitle "EXT 2024"]
[Source "ChessBase"]
[SourceDate "2023.10.10"]
[SourceVersion "1"]
[SourceVersionDate "2023.10.10"]
[SourceQuality "1"]

1. e4 c5 2. Nc3 Nc6 3. f4 g6 4. Nf3 Bg7 5. Bc4 e6 6. d3 Nge7 7. 0-0 d5 8. exd5 exd5 9. Bb3 0-0 10. Qe1 Nd4 11. Ng5 b5 12. Nxb5 Nxb5 13. c3 Bf5 14. Rf3 h6 15. Nh3 Nc6 16. Ba4 Qa5 17. Bxb5 Qxb5 18. a4 Qa5 19. Bd2 Rfe8 20. Qh4 Nd4 21. Rf2 Nb3 22. Rd1 Nxd2 23. Rfxd2 Qxa4 24. g4 Bd7 25. Qg3 Re7 26. Rf1 Rae8 27. f5 Re3 28. Qg2 Re1 29. fxg6 Rxf1+ 30. Qxf1 fxg6 0-1

[Event "Madariaga Tiberio Cup"]
[Site "Madariaga"]
[Date "2014.06.21"]
[Round "5"]
[White "Secul, Juan"]
[Black "Soraire, David"]
[Result "1-0"]
[WhiteElo "1839"]
[BlackElo "1670"]
[PlyCount "59"]
[EventDate "2014.06.20"]
[EventType "swiss"]
[EventRounds "7"]
[EventCountry "ARG"]
[SourceTitle "CBM 161 Extra"]
[Source "ChessBase"]
[SourceDate "2014.08.29"]
[SourceVersion "1"]
[SourceVersionDate "2014.08.29"]
[SourceQuality "1"]

1. e4 c6 2. Nf3 d5 3. Nc3 d4 4. Ne2 c5 5. d3 Nc6 6. Bf4 Bg4 7. h3 Bxf3 8. gxf3 e5 9. Bh2 g5 10. h4 h6 11. Bh3 Nf6 12. Ng3 b5 13. Qd2 gxh4 14. Nf5 c4 15. Ke2 a6 16. Rhg1 Bb4 17. Qc1 h5 18. f4 Nd7 19. Ng7+ Kf8 20. fxe5 Ncxe5 21. Qf4 Qb6 22. Qf5 Ng6 23. Qxd7 Kxg7 24. Be5+ Kf8 25. Bxh8 Nxh8 26. Rg5 Ng6 27. Rf5 Be7 28. Qd5 Bf6 29. Qxa8+ Kg7 30. Rg1 1-0